000
00273nam a22001217a 4500
999
_c
534337
_d
534337
040
_c
MSOHAIL
082
_a
004
100
_a
Paramount
_9
28476
245
_a
Computers Made Friendly
260
_a
Karachi
_b
Paramount Publishing
_c
c2009
300
_a
68;p
942
_2
ddc
_c
BK